| 000 | 00456nam a2200169 a 4500 | ||
|---|---|---|---|
| 001 | 0000-8931 | ||
| 003 | ELIB.Books | ||
| 008 | 110520 1976 | ||
| 035 | _a(ELIB.Books)0000-9079 | ||
| 082 |
_aB _bAnd |
||
| 100 | _aAnderson, Courtney | ||
| 245 | _aTo the Golden Shore: the Life of Adoniram Judson | ||
| 260 |
_bMichigan: Zondervan Publishing House _c1976 |
||
| 650 | _aBiography | ||
| 942 |
_2ddc _cBK |
||
| 998 |
_cbat _e2011-05-20 |
||
| 999 |
_c8931 _d8931 |
||